000 00532nam a2200193Ia 4500
008 151119s9999||||xx |||||||||||||| ||und||
082 _a598
082 _bGKKV24922
100 _aफतेहअली लईक
245 _aभारतीय पक्षी
260 _a--
260 _b--
260 _c0
600 _aफतेहअली लईक
630 _aभारतीय पक्षी
700 _aफतेहअली लईक
730 _aभारतीय पक्षी
942 _cBOOK
999 _c1077479
_d1077476